[Event "OP-2012-0-02526"]
[Site "LSS email"]
[Date "2012.12.06"]
[Round "?"]
[White "Gomez, Pedro"]
[Black "Bossi, Noemi"]
[Result "0-1"]
[WhiteElo "611"]
[BlackElo "1425"]
[PlyCount "25"]
[EventDate "2012.11.30"]
[EventType "tourn (corr)"]
[EventRounds "4"]
[EventCountry "GER"]
[SourceTitle "Corr 2015"]
[Source "ChessBase"]
[SourceDate "2015.07.17"]
[SourceVersion "1"]
[SourceVersionDate "2015.07.17"]
[SourceQuality "1"]

1. e4 g6 2. d4 Bg7 3. c4 c5 4. Be3 Nc6 5. Ne2 Qb6 6. b3 cxd4 7. Nxd4 Bxd4 8. Bxd4 Qxd4 9. Qxd4 Nxd4 10. Bd3 d6 11. 0-0 f5 12. Nc3 Kf7 13. Nd5 0-1

[Event "LSS No Engine Cup 78 Preliminary 3"]
[Site "LSS email"]
[Date "2012.12.05"]
[Round "?"]
[White "Aberbach Peltzman, Angel Sergio"]
[Black "Gomez, Pedro"]
[Result "1-0"]
[WhiteElo "1943"]
[BlackElo "611"]
[PlyCount "27"]
[EventDate "2012.12.06"]
[EventType "tourn (corr)"]
[EventRounds "6"]
[EventCountry "GER"]
[SourceTitle "Corr 2015"]
[Source "ChessBase"]
[SourceDate "2015.07.17"]
[SourceVersion "1"]
[SourceVersionDate "2015.07.17"]
[SourceQuality "1"]

1. c4 Nf6 2. d4 e6 3. Nf3 b6 4. g3 Bb7 5. Bg2 Bb4+ 6. Bd2 Be7 7. Nc3 0-0 8. 0-0 c5 9. d5 d6 10. dxe6 fxe6 11. Bh3 Ne4 12. Bxe6+ Kh8 13. Bd5 Bxd5 14. Nxd5 1-0

[Event "LSS No Engine Cup 78 Preliminary 3"]
[Site "LSS email"]
[Date "2012.12.05"]
[Round "?"]
[White "Willmann, Bernd"]
[Black "Gomez, Pedro"]
[Result "1-0"]
[WhiteElo "1843"]
[BlackElo "611"]
[PlyCount "45"]
[EventDate "2012.12.06"]
[EventType "tourn (corr)"]
[EventRounds "6"]
[EventCountry "GER"]
[SourceTitle "Telechess CBM 159"]
[Source "ChessBase"]
[SourceDate "2014.03.17"]
[SourceVersion "1"]
[SourceVersionDate "2014.03.17"]
[SourceQuality "1"]

1. c4 Nf6 2. d4 e6 3. Nf3 b6 4. Nc3 Bb4 5. Bg5 Bb7 6. e3 c5 7. Bd3 d5 8. cxd5 exd5 9. Bb5+ Nc6 10. Qa4 0-0 11. Bxc6 Bxc6 12. Qxc6 Rc8 13. Bxf6 Qxf6 14. Qxf6 gxf6 15. Rc1 cxd4 16. Nxd4 Rfe8 17. Kd2 Red8 18. a3 Bxc3+ 19. Rxc3 Rxc3 20. bxc3 Rc8 21. Rb1 Rc4 22. Rb4 Rxb4 23. cxb4 1-0

[Event "OP-2012-0-02519"]
[Site "LSS email"]
[Date "2012.11.29"]
[Round "?"]
[White "Kuzmin, Konstantin"]
[Black "Gomez, Pedro"]
[Result "1-0"]
[WhiteElo "1817"]
[BlackElo "611"]
[PlyCount "31"]
[EventDate "2012.11.25"]
[EventType "tourn (corr)"]
[EventRounds "4"]
[EventCountry "GER"]
[SourceTitle "Corr 2015"]
[Source "ChessBase"]
[SourceDate "2015.07.17"]
[SourceVersion "1"]
[SourceVersionDate "2015.07.17"]
[SourceQuality "1"]

1. e4 c6 2. d4 g6 3. Nc3 Bg7 4. Bc4 d6 5. Qf3 e6 6. Nge2 Nf6 7. 0-0 0-0 8. a3 Ne8 9. Qg3 d5 10. Bd3 f5 11. e5 Nd7 12. Bg5 Qc7 13. Nf4 Nb6 14. Qh4 Qf7 15. Rfe1 h5 16. Be7 1-0

[Event "RN-2012-0-00565"]
[Site "LSS email"]
[Date "2012.11.26"]
[Round "?"]
[White "Gomez, Pedro"]
[Black "Klawitter, Bernd"]
[Result "1/2-1/2"]
[WhiteElo "611"]
[BlackElo "820"]
[PlyCount "26"]
[EventDate "2012.11.17"]
[EventType "tourn (corr)"]
[EventRounds "6"]
[EventCountry "GER"]
[SourceTitle "Corr 2015"]
[Source "ChessBase"]
[SourceDate "2015.07.17"]
[SourceVersion "1"]
[SourceVersionDate "2015.07.17"]
[SourceQuality "1"]

1. e4 d5 2. exd5 Nf6 3. Nc3 c6 4. Nf3 e5 5. dxe6 Bxe6 6. d4 Bb4 7. Bg5 0-0 8. Qd2 Nbd7 9. 0-0-0 Qa5 10. Qd3 Bxc3 11. Qxc3 Qxc3 12. bxc3 h6 13. Bxf6 Nxf6 1/2-1/2

[Event "OP-2012-0-02513"]
[Site "LSS email"]
[Date "2012.11.25"]
[Round "?"]
[White "Amuso, Jose Alberto"]
[Black "Gomez, Pedro"]
[Result "1-0"]
[WhiteElo "1056"]
[BlackElo "611"]
[PlyCount "59"]
[EventDate "2012.11.22"]
[EventType "tourn (corr)"]
[EventRounds "4"]
[EventCountry "GER"]
[SourceTitle "Telechess CBM 159"]
[Source "ChessBase"]
[SourceDate "2014.03.17"]
[SourceVersion "1"]
[SourceVersionDate "2014.03.17"]
[SourceQuality "1"]

1. Nf3 d5 2. Nc3 Nf6 3. d4 e6 4. a3 Be7 5. e3 0-0 6. Bd3 a6 7. 0-0 Nbd7 8. Bd2 c5 9. b3 b5 10. Qb1 c4 11. Be2 Rb8 12. Kh1 Bb7 13. Qa2 Bc6 14. Rg1 Ne4 15. Nxe4 f5 16. Nc3 Nf6 17. Ne5 Bb7 18. Qb2 Nd7 19. Nxd7 Qxd7 20. Rgb1 Bc6 21. bxc4 Qc7 22. cxb5 axb5 23. Nxb5 Qd7 24. c4 dxc4 25. a4 Rfc8 26. f3 h6 27. Bxc4 Bd5 28. Bxd5 Qxd5 29. Rc1 Rxc1+ 30. Rxc1 1-0

[Event "OP-2012-0-02513"]
[Site "LSS email"]
[Date "2012.11.25"]
[Round "?"]
[White "Gomez, Pedro"]
[Black "Richter, Klaus"]
[Result "0-1"]
[WhiteElo "611"]
[BlackElo "1670"]
[PlyCount "36"]
[EventDate "2012.11.22"]
[EventType "tourn (corr)"]
[EventRounds "4"]
[EventCountry "GER"]
[SourceTitle "Corr 2015"]
[Source "ChessBase"]
[SourceDate "2015.07.17"]
[SourceVersion "1"]
[SourceVersionDate "2015.07.17"]
[SourceQuality "1"]

1. e4 g6 2. d4 Bg7 3. c4 c5 4. Nf3 Qa5+ 5. Nc3 d6 6. Bd2 cxd4 7. Nd5 Qd8 8. Bg5 h6 9. Bh4 g5 10. Bg3 Nc6 11. h3 e6 12. Nb4 Nxb4 13. Qa4+ Nc6 14. Nxd4 Bxd4 15. Rd1 Bxb2 16. Rd3 Nf6 17. Rxd6 Bc3+ 18. Ke2 Qb6 0-1

[Event "LSS No Engine Cup 77 Preliminary 5"]
[Site "LSS email"]
[Date "2012.11.21"]
[Round "?"]
[White "Lewis, Jerome A"]
[Black "Gomez, Pedro"]
[Result "1-0"]
[WhiteElo "1047"]
[BlackElo "611"]
[PlyCount "33"]
[EventDate "2012.11.22"]
[EventType "tourn (corr)"]
[EventRounds "6"]
[EventCountry "GER"]
[SourceTitle "Corr 2015"]
[Source "ChessBase"]
[SourceDate "2015.07.17"]
[SourceVersion "1"]
[SourceVersionDate "2015.07.17"]
[SourceQuality "1"]

1. e4 Nf6 2. e5 Nd5 3. d4 d6 4. c4 Nb6 5. f4 g5 6. Be2 gxf4 7. Bxf4 Bg7 8. Nf3 Nc6 9. Nc3 0-0 10. 0-0 Bg4 11. Qd2 dxe5 12. Bh6 Nxd4 13. Bxg7 Kxg7 14. Qg5+ Kh8 15. Qxg4 Rg8 16. Ng5 Nxe2+ 17. Nxe2 1-0

[Event "RN-2012-0-00562"]
[Site "LSS email"]
[Date "2012.11.20"]
[Round "?"]
[White "Venturas, Bob"]
[Black "Gomez, Pedro"]
[Result "0-1"]
[WhiteElo "724"]
[BlackElo "584"]
[PlyCount "72"]
[EventDate "2012.11.10"]
[EventType "tourn (corr)"]
[EventRounds "6"]
[EventCountry "GER"]
[SourceTitle "Telechess CBM 165"]
[Source "ChessBase"]
[SourceDate "2015.03.11"]
[SourceVersion "1"]
[SourceVersionDate "2015.03.11"]
[SourceQuality "1"]

1. d4 f5 2. d5 c5 3. dxc6 bxc6 4. e3 Nf6 5. Nf3 e6 6. h3 d6 7. Bd2 Be7 8. Bc3 0-0 9. Be2 Nbd7 10. Nbd2 Bb7 11. 0-0 Rb8 12. a3 a6 13. Nd4 Nc5 14. b3 Qd7 15. f4 Nd5 16. Bb2 Ne4 17. Bd3 Nxe3 18. Qe2 Nxf1 19. Nxe4 fxe4 20. Bxe4 Ng3 21. Qg4 Nxe4 22. Nxe6 Bf6 23. Nxf8 Qxg4 24. hxg4 Bxb2 25. Re1 Bd4+ 26. Kh2 Kxf8 27. Rxe4 c5 28. Re1 Re8 29. Rd1 Re2 30. c4 Rxg2+ 31. Kh3 Rg1 32. Rxg1 Bxg1 33. f5 Kf7 34. g5 Be3 35. Kg4 Bc8 36. a4 g6 0-1

[Event "RN-2012-0-00562"]
[Site "LSS email"]
[Date "2012.11.19"]
[Round "?"]
[White "Bester, Kazimierz"]
[Black "Gomez, Pedro"]
[Result "1-0"]
[WhiteElo "830"]
[BlackElo "584"]
[PlyCount "41"]
[EventDate "2012.11.10"]
[EventType "tourn (corr)"]
[EventRounds "6"]
[EventCountry "GER"]
[SourceTitle "Telechess CBM 165"]
[Source "ChessBase"]
[SourceDate "2015.03.11"]
[SourceVersion "1"]
[SourceVersionDate "2015.03.11"]
[SourceQuality "1"]

1. f4 d5 2. Nf3 Nf6 3. e3 Bg4 4. Be2 Nbd7 5. 0-0 e6 6. c3 c6 7. d4 a6 8. Ne5 Bxe2 9. Qxe2 Be7 10. Rf3 0-0 11. Rh3 h6 12. Nd2 b5 13. Ndf3 Rc8 14. Bd2 Ne4 15. Be1 Ndf6 16. Nd2 Nxd2 17. Bxd2 Qc7 18. Rf1 Bd6 19. Be1 Bxe5 20. dxe5 Ne4 21. Qg4 1-0

[Event "OP-2012-0-02501"]
[Site "LSS email"]
[Date "2012.11.19"]
[Round "?"]
[White "Chamberlain, Edwin"]
[Black "Gomez, Pedro"]
[Result "1-0"]
[WhiteElo "971"]
[BlackElo "611"]
[PlyCount "63"]
[EventDate "2012.11.15"]
[EventType "tourn (corr)"]
[EventRounds "4"]
[EventCountry "GER"]
[SourceTitle "Telechess CBM 159"]
[Source "ChessBase"]
[SourceDate "2014.03.17"]
[SourceVersion "1"]
[SourceVersionDate "2014.03.17"]
[SourceQuality "1"]

1. d4 Nf6 2. Bg5 Ne4 3. Bf4 g5 4. Be5 f6 5. e3 h5 6. Be2 g4 7. Bf4 d5 8. h3 Qd7 9. hxg4 Bg7 10. gxh5 Bh6 11. Bxh6 Rxh6 12. f3 Ng3 13. Rh3 Nxe2 14. Nxe2 Nc6 15. Qd2 e5 16. e4 Qg7 17. Rh2 Bd7 18. exd5 Nxd4 19. Nxd4 exd4 20. Qxd4 0-0-0 21. Nc3 a6 22. 0-0-0 Rhh8 23. Qa7 Bf5 24. Qa8+ Kd7 25. Qxb7 Rb8 26. Qc6+ Kd8 27. d6 cxd6 28. Rxd6+ Bd7 29. Rh1 Rc8 30. Qb6+ Ke8 31. Re1+ Kf8 32. Rxf6+ 1-0

[Event "RN-2012-0-00562"]
[Site "LSS email"]
[Date "2012.11.19"]
[Round "?"]
[White "Gomez, Pedro"]
[Black "Lauer, Fredric"]
[Result "1-0"]
[WhiteElo "584"]
[BlackElo "949"]
[PlyCount "41"]
[EventDate "2012.11.10"]
[EventType "tourn (corr)"]
[EventRounds "6"]
[EventCountry "GER"]
[SourceTitle "Telechess CBM 165"]
[Source "ChessBase"]
[SourceDate "2015.03.11"]
[SourceVersion "1"]
[SourceVersionDate "2015.03.11"]
[SourceQuality "1"]

1. e4 d5 2. exd5 Nf6 3. c4 e6 4. Nc3 exd5 5. d4 dxc4 6. Bxc4 Bb4 7. Qc2 0-0 8. Nge2 Nc6 9. Be3 Bg4 10. 0-0-0 Bxc3 11. Qxc3 Nd5 12. Qd2 Nxe3 13. Qxe3 Bxe2 14. Bxe2 Qd5 15. b3 Rad8 16. Bc4 Qa5 17. Rd2 b5 18. b4 Nxb4 19. Bb3 Qa3+ 20. Rb2 Rfe8 21. Bxf7+ 1-0

[Event "RN-2012-0-00561"]
[Site "LSS email"]
[Date "2012.11.18"]
[Round "?"]
[White "Bokros, Csaba"]
[Black "Gomez, Pedro"]
[Result "1-0"]
[WhiteElo "1019"]
[BlackElo "771"]
[PlyCount "69"]
[EventDate "2012.11.08"]
[EventType "tourn (corr)"]
[EventRounds "6"]
[EventCountry "GER"]
[SourceTitle "Corr 2022"]
[Source "ChessBase"]
[SourceDate "2021.10.24"]
[SourceVersion "1"]
[SourceVersionDate "2021.10.24"]
[SourceQuality "1"]

1. e3 d5 2. d4 Nf6 3. Nc3 e6 4. Nf3 Bb4 5. Bd2 c5 6. a3 Bxc3 7. Bxc3 c4 8. Nd2 Nc6 9. Be2 b5 10. 0-0 0-0 11. b3 Rb8 12. Bb4 Nxb4 13. axb4 a6 14. h3 Ne4 15. Nxe4 dxe4 16. bxc4 bxc4 17. Bxc4 Bb7 18. Qd2 Ra8 19. c3 Re8 20. Ra5 Qb6 21. Re1 Rec8 22. Bb3 Qd8 23. Rd1 Bd5 24. Bxd5 exd5 25. Rc1 g6 26. Rca1 Qc7 27. Rxd5 Qb7 28. Rc5 Rxc5 29. dxc5 Qc6 30. c4 Qb7 31. Qc3 h5 32. Rd1 Qc7 33. Qc2 Qc6 34. Rd6 Qb7 35. Rb6 1-0

[Event "RN-2012-0-00561"]
[Site "LSS email"]
[Date "2012.11.18"]
[Round "?"]
[White "Gomez, Pedro"]
[Black "Cherry, Brian"]
[Result "0-1"]
[WhiteElo "771"]
[BlackElo "849"]
[PlyCount "62"]
[EventDate "2012.11.08"]
[EventType "tourn (corr)"]
[EventRounds "6"]
[EventCountry "GER"]
[SourceTitle "Corr 2022"]
[Source "ChessBase"]
[SourceDate "2021.10.24"]
[SourceVersion "1"]
[SourceVersionDate "2021.10.24"]
[SourceQuality "1"]

1. e4 e5 2. Nf3 Nc6 3. Bc4 h6 4. c3 Nf6 5. d4 d6 6. Qe2 Qe7 7. h3 b6 8. d5 Na5 9. Bb5+ Bd7 10. Bxd7+ Qxd7 11. b4 Nb7 12. 0-0 Be7 13. a3 Rc8 14. a4 c6 15. Rd1 0-0 16. a5 bxa5 17. Ba3 axb4 18. cxb4 Ra8 19. Nc3 Qc7 20. Rdc1 a6 21. Nd2 c5 22. Na4 Nd7 23. f3 Nb6 24. Nxb6 Qxb6 25. Nc4 Qc7 26. Ne3 Bg5 27. Rc3 a5 28. Rc4 axb4 29. Bb2 Rxa1+ 30. Bxa1 Qa5 31. Nc2 Qa2 0-1

[Event "RN-2012-0-00561"]
[Site "LSS email"]
[Date "2012.11.18"]
[Round "?"]
[White "Simmons, Ernest"]
[Black "Gomez, Pedro"]
[Result "0-1"]
[WhiteElo "919"]
[BlackElo "771"]
[PlyCount "62"]
[EventDate "2012.11.08"]
[EventType "tourn (corr)"]
[EventRounds "6"]
[EventCountry "GER"]
[SourceTitle "Corr 2022"]
[Source "ChessBase"]
[SourceDate "2021.10.24"]
[SourceVersion "1"]
[SourceVersionDate "2021.10.24"]
[SourceQuality "1"]

1. d4 e6 2. c4 Nf6 3. Nc3 d5 4. e3 Bb4 5. Qc2 c5 6. Nf3 Nc6 7. Bd3 0-0 8. 0-0 dxc4 9. Bxc4 cxd4 10. Rd1 a6 11. Nxd4 Nxd4 12. Rxd4 Qa5 13. Bd2 b5 14. Be2 Bb7 15. a3 Bxc3 16. Qxc3 Qxc3 17. Bxc3 Nd5 18. Bd2 Rac8 19. Rc1 Rxc1+ 20. Bxc1 Rc8 21. Rd1 h6 22. h3 g5 23. Bd3 Nf6 24. b4 Be4 25. Bf1 Nd5 26. Bb2 Bf5 27. Be2 Rc2 28. Bd3 Bxd3 29. Rxd3 Rxb2 30. Kh2 Rxf2 31. Rd1 Re2 0-1

[Event "SN-2012-0-00469"]
[Site "LSS email"]
[Date "2012.11.14"]
[Round "?"]
[White "Gomez, Pedro"]
[Black "Lombardi, Donato"]
[Result "0-1"]
[WhiteElo "584"]
[BlackElo "907"]
[PlyCount "34"]
[EventDate "2012.10.16"]
[EventType "tourn (corr)"]
[EventRounds "6"]
[EventCountry "GER"]
[SourceTitle "Corr 2015"]
[Source "ChessBase"]
[SourceDate "2015.07.17"]
[SourceVersion "1"]
[SourceVersionDate "2015.07.17"]
[SourceQuality "1"]

1. e4 e6 2. d4 d5 3. Nd2 Nf6 4. e5 Nfd7 5. g3 c5 6. c3 Nc6 7. Ngf3 cxd4 8. cxd4 Qb6 9. Nb3 Bb4+ 10. Bd2 Bxd2+ 11. Qxd2 0-0 12. h4 Qb4 13. Bd3 Qxd2+ 14. Nfxd2 f6 15. f4 fxe5 16. fxe5 Nb4 17. Be2 Nc2+ 0-1

[Event "SN-2012-0-00469"]
[Site "LSS email"]
[Date "2012.11.14"]
[Round "?"]
[White "Gomez, Pedro"]
[Black "Neil, Charles"]
[Result "1-0"]
[WhiteElo "584"]
[BlackElo "660"]
[PlyCount "49"]
[EventDate "2012.10.16"]
[EventType "tourn (corr)"]
[EventRounds "6"]
[EventCountry "GER"]
[SourceTitle "Telechess CBM 163"]
[Source "ChessBase"]
[SourceDate "2014.11.11"]
[SourceVersion "2"]
[SourceVersionDate "2014.11.11"]
[SourceQuality "1"]

1. e4 e6 2. d4 d5 3. Nd2 Nf6 4. e5 Nfd7 5. f4 c5 6. c3 Nc6 7. Ndf3 Be7 8. Bd3 Qb6 9. Ne2 f6 10. 0-0 cxd4 11. cxd4 fxe5 12. fxe5 Nf8 13. a3 Nd7 14. b4 Qd8 15. h4 Nb6 16. Bb5 0-0 17. Bb2 Bd7 18. Rc1 Bxh4 19. Nxh4 Qxh4 20. Rxf8+ Rxf8 21. Rc3 a6 22. Rh3 Qg4 23. Nc3 axb5 24. Qxg4 Nc4 25. Bc1 1-0

[Event "RN-2012-0-00552"]
[Site "LSS email"]
[Date "2012.10.30"]
[Round "?"]
[White "Linart, Ludvik"]
[Black "Gomez, Pedro"]
[Result "1-0"]
[WhiteElo "878"]
[BlackElo "584"]
[PlyCount "43"]
[EventDate "2012.10.19"]
[EventType "tourn (corr)"]
[EventRounds "6"]
[EventCountry "GER"]
[SourceTitle "Telechess CBM 165"]
[Source "ChessBase"]
[SourceDate "2015.03.11"]
[SourceVersion "1"]
[SourceVersionDate "2015.03.11"]
[SourceQuality "1"]
[WhiteTeam "Brazil"]
[WhiteTeamCountry "BRA"]

1. d4 Nf6 2. c4 e6 3. Nc3 d5 4. Bg5 Bb4 5. Qa4+ Nc6 6. c5 Bd7 7. Qd1 b6 8. cxb6 axb6 9. a3 Bxc3+ 10. bxc3 h6 11. Bxf6 Qxf6 12. Nf3 0-0 13. e3 Ne7 14. Bd3 Nf5 15. Ne5 Bc8 16. 0-0 Ba6 17. Re1 Bxd3 18. Qxd3 Rad8 19. e4 Nd6 20. Nc6 Ra8 21. e5 Qg6 22. Ne7+ 1-0

[Event "OP-2012-0-02461"]
[Site "LSS email"]
[Date "2012.10.22"]
[Round "?"]
[White "Gomez, Pedro"]
[Black "Garcia, Javier N"]
[Result "0-1"]
[WhiteElo "584"]
[BlackElo "839"]
[PlyCount "56"]
[EventDate "2012.10.19"]
[EventType "tourn (corr)"]
[EventRounds "4"]
[EventCountry "GER"]
[SourceTitle "Telechess CBM 163"]
[Source "ChessBase"]
[SourceDate "2014.11.11"]
[SourceVersion "2"]
[SourceVersionDate "2014.11.11"]
[SourceQuality "1"]

1. e4 c5 2. Nf3 d6 3. d4 cxd4 4. Nxd4 Nf6 5. Nc3 a6 6. Bg5 Nc6 7. Nd5 Bg4 8. f3 Bd7 9. Bc4 b5 10. Bb3 Nxd4 11. Qxd4 Qa5+ 12. Bd2 Qd8 13. Nb6 e5 14. Qe3 Rb8 15. Nxd7 Qxd7 16. 0-0-0 Be7 17. a3 0-0 18. Bb4 Nh5 19. g4 Nf4 20. Rhg1 Bg5 21. Bd2 h6 22. h4 Bxh4 23. Bb4 Be7 24. Rd2 Rfd8 25. Rgd1 Qb7 26. Ba5 Rdc8 27. Bd5 Qd7 28. Bc3 Bg5 0-1